Cooperación regional para la seguridad alimentaria

שמור ב:
מידע ביבליוגרפי
מחבר ראשי: Barros Charlín, Raymundo (Author)
מחברים אחרים: Garrido Rojas, José (autor)
פורמט: ספר
שפה:ספרדית
יצא לאור: Santiago Instituto de Estudios Internacionales Universidad de Chile 1986
סדרה:Estudios Internacionales
נושאים:
תגים: הוספת תג
אין תגיות, היה/י הראשונ/ה לתייג את הרשומה!

MARC

LEADER 00000nam a2200000 a 4500
001 UCT8113
003 CL-VaPUC
008 970317e19860000CL |||||||||||||||||spa|d
082 0 4 |a 338.91  |b BAR  |2 21 
100 |a Barros Charlín, Raymundo  |e author  |9 294971 
700 |a Garrido Rojas, José  |e autor  |9 471064 
245 1 0 |a Cooperación regional para la seguridad alimentaria 
300 |a 387 p 
942 |c BK 
945 |d 19970317 00:00:00  |a paguirre 
260 |a Santiago  |b Instituto de Estudios Internacionales Universidad de Chile  |c 1986 
650 0 |a Cooperación internacional  |9 255447 
650 7 |a AYUDA AL DESARROLLO  |2 CL-VaPUC  |9 338256 
650 0 |a Relaciones Internacionales  |9 255740 
650 0 |a Desarrollo económico y social   |9 256320 
650 7 |a RECURSOS ALIMENTARIOS  |2 CL-VaPUC  |9 379602 
650 0 |a Alimentos  |9 256203 
650 7 |a HAMBRE  |2 CL-VaPUC  |9 316139 
650 7 |a NECESIDADES HUMANAS  |2 CL-VaPUC  |9 342118 
583 |a last modification  |c 19970317 00:00:00  |k Rodrigo Vera 
490 0 |a Estudios Internacionales 
999 |c 256644  |d 256642 
952 |0 0  |1 0  |4 0  |6 338_910000000000000_BAR_1986  |7 0  |8 A  |9 279470  |a BIBDER  |b BIBDER  |d 2019-11-19  |i 1812947  |o 338.91 BAR 1986  |p 1812947  |r 2023-01-25  |w 2019-11-19  |y BK  |k DER 
952 |0 0  |1 0  |4 0  |6 338_910000000000000_BAR_1986  |7 0  |8 A  |9 279471  |a BIBALI  |b BIBALI  |d 2019-11-19  |i 1964666  |o 338.91 BAR 1986  |p 1964666  |r 2025-01-20  |w 2019-11-19  |y BK  |k ALI